000
00299nam a22001217a 4500
008
180927b xxu||||| |||| 00| 0 eng d
041
_a
eng
080
_a
370
100
_a
48
101
_a
EDU
245
_a
Developmental Language Programing For The Retaeded
_c
Rolland.J.V.H
942
_2
udc
_c
BK
999
_c
48614
_d
48614